New novation agreement published (Record no. 117121)

MARC details
000 -LEADER
fixed length control field 01217cam a2200241 4500
001 - CONTROL NUMBER
control field WB4011-02
008 - FIXED-LENGTH DATA ELEMENTS--GENERAL INFORMATION
fixed length control field 040318n2004 000 0 eng u
035 ## - SYSTEM CONTROL NUMBER
System control number (Sirsi) u125483
245 ## - TITLE STATEMENT
Title New novation agreement published
260 ## - PUBLICATION, DISTRIBUTION, ETC.
Date of publication, distribution, etc. 2004
490 ## - SERIES STATEMENT
Series statement RICS Construction Faculty News
Volume/sequential designation 17 March 2004 (1)
520 ## - SUMMARY, ETC.
Summary, etc. The Construction Industry Council has published "Novation agreement CIC/NovAgr2" (ISBN 1 898671 36 2), a standard form of agreement for use where the appointment of a consultant is to be novated from an employer to a design and build contractor. Guidance notes are included in the agreement and a "Supplemental agreement CIC/NovAgr/Ewa" is freely downloadable from http://www.cic.org.uk/liability/index.htm. The supplemental agreement is for use where, following the novation of a consultant from an employer to a design and build contractor, a warranty is given by the consultant to the employer.
590 ## - LOCAL NOTE (RLIN)
Local note WB
590 ## - LOCAL NOTE (RLIN)
Local note WB
650 ## - SUBJECT ADDED ENTRY--TOPICAL TERM
Topical term or geographic name entry element NOVATION
650 ## - SUBJECT ADDED ENTRY--TOPICAL TERM
Topical term or geographic name entry element STANDARD FORMS OF AGREEMENT
650 ## - SUBJECT ADDED ENTRY--TOPICAL TERM
Topical term or geographic name entry element CONSULTANTS
650 ## - SUBJECT ADDED ENTRY--TOPICAL TERM
Topical term or geographic name entry element WARRANTIES
650 ## - SUBJECT ADDED ENTRY--TOPICAL TERM
Topical term or geographic name entry element EMPLOYERS
650 ## - SUBJECT ADDED ENTRY--TOPICAL TERM
Topical term or geographic name entry element DESIGN AND BUILD CONTRACTORS
690 ## - LOCAL SUBJECT ADDED ENTRY--TOPICAL TERM (OCLC, RLIN)
Topical term or geographic name as entry element BUILDING AND CONSTRUCTION-CONTRACTS
942 ## - ADDED ENTRY ELEMENTS (KOHA)
Suppress in OPAC 0
Holdings
Withdrawn status Lost status Source of classification or shelving scheme Damaged status Not for loan Home library Current library Shelving location Date acquired Total Checkouts Full call number Barcode Date last seen Copy number Price effective from Koha item type
    Dewey Decimal Classification     London London News article 18/03/2004   WB4011-02 125483-1001 06/08/2019 1 06/08/2019 News article